Holiday Quiz

Random Holiday or Clickable Quiz

Santa's Pseudonyms Quiz Stats

 Plays Quiz not verified by Sporcle

Challenge
Share
Tweet
Score 0/20 Timer 04:00
0 Plays Today
% Correct
France
84%
Germany
81.7%
China
74%
Japan
70.2%
Italy
64.9%
Netherlands
64.9%
Finland
58.8%
Poland
48.1%
Norway
45%
Brazil
43.5%
% Correct
Chile
42.7%
Denmark
42.7%
Portugal
39.7%
Russia
33.6%
Serbia
31.3%
Hungary
26%
Turkey
22.1%
Romania
20.6%
Armenia
17.6%
Lithuania
14.5%

You're not logged in!

Compare scores with friends on all Sporcle quizzes.
OR
Log In

You Might Also Like...

Show Comments

Extras

Top Quizzes Today


Score Distribution

Your Account Isn't Verified!

In order to create a playlist on Sporcle, you need to verify the email address you used during registration. Go to your Sporcle Settings to finish the process.

Report this User

Report this user for behavior that violates our Community Guidelines.

Details: